Écritures du soin (notice n° 1662474)

détails MARC
000 -LEADER
fixed length control field 01542cam a2200145 4500500
005 - DATE AND TIME OF LATEST TRANSACTION
control field 20260222000054.0
041 ## - LANGUAGE CODE
Language code of text/sound track or separate title fre
042 ## - AUTHENTICATION CODE
Authentication code dc
100 10 - MAIN ENTRY--PERSONAL NAME
Personal name Mestre, Claire
Relator term author
245 00 - TITLE STATEMENT
Title Écritures du soin
260 ## - PUBLICATION, DISTRIBUTION, ETC.
Name of publisher, distributor, etc. La Pensée sauvage,<br/>
Date of publication, distribution, etc. 2025.<br/>
520 ## - SUMMARY, ETC.
Summary, etc. Que dire de la place des écritures dans nos disciplines transculturelles qui n’hésitent pas à prendre le risque de la fiction pour s’emparer de la diversité du réel, des exils, des traumas et des rencontres ? Les frontières entre les écritures scientifiques et les écritures fictives se révèlent parfois ténues. Elles se déplacent, se réajustent, s’invitent et s’explorent mutuellement pour dialoguer et se réinventer. C’est dire combien elles sont devenues complémentaires pour comprendre les mondes métissés d’aujourd’hui. Le projet de ce livre collectif est dédié à des écritures qui s’emparent de la réalité. Les fictions, qui s’y déploient, s’affrontent à l’indicible et à l’imprévu pour façonner de nouvelles connaissances. Chacun de ces textes œuvre à la transformation de notre rapport à l’autre comme autant d’humanités à retrouver. Des romanciers, des essayistes, des anthropologues, des psychanalystes… par leur travail d’écriture, deviennent des témoins dans les histoires de déplacements, de changements de langue, de lieux et d’univers.
700 10 - ADDED ENTRY--PERSONAL NAME
Personal name Géry, Marion
Relator term author
856 41 - ELECTRONIC LOCATION AND ACCESS
Uniform Resource Identifier <a href="https://shs.cairn.info/ecritures-du-soin--9782859193669?lang=fr&redirect-ssocas=7080">https://shs.cairn.info/ecritures-du-soin--9782859193669?lang=fr&redirect-ssocas=7080</a>

Pas d'exemplaire disponible.

PLUDOC

PLUDOC est la plateforme unique et centralisée de gestion des bibliothèques physiques et numériques de Guinée administré par le CEDUST. Elle est la plus grande base de données de ressources documentaires pour les Étudiants, Enseignants chercheurs et Chercheurs de Guinée.

Adresse

627 919 101/664 919 101

25 boulevard du commerce
Kaloum, Conakry, Guinée

Réseaux sociaux

Powered by Netsen Group @ 2025